00298nam a2200121Ia 4500003000400000005001700004008004100021020001500062040002000077100001800097245004300115260001800158OSt20240104113120.0170524s9999 xx 000 0 und d a8180522148 cIIMT UNIVERSITY aSharm Sanfeev 0aEthics & Values in Business Management aNew Delhi Ane